Les pouvoirs sur la vie et l'éthique de la secondarité. Approche théologique des défis de la bioéthique (Record no. 560593)
[ view plain ]
| 000 -CABECERA | |
|---|---|
| Campo de control de longitud fija | 00526nab a2200145Ia 4500 |
| 003 - IDENTIFICADOR DEL NÚMERO DE CONTROL | |
| Campo de control | ES-SlBCS |
| 005 - FECHA Y HORA DE LA ÚLTIMA TRANSACCIÓN | |
| Campo de control | 20220423201909.0 |
| 008 - CÓDIGOS DE INFORMACIÓN DE LONGITUD FIJA | |
| Campo de control de longitud fija | 140529s1992 xxu||||| |||| 00| 0 fre d |
| 041 ## - CÓDIGO DE LENGUA | |
| Código de lengua del texto/banda sonora o título independiente | fre |
| 100 1# - PUNTO DE ACCESO PRINCIPAL-NOMBRE DE PERSONA | |
| Nombre de persona | Bühler, Pierre |
| 9 (RLIN) | 10824 |
| 245 00 - MENCIÓN DE TÍTULO | |
| Título | Les pouvoirs sur la vie et l'éthique de la secondarité. Approche théologique des défis de la bioéthique |
| Mención de responsabilidad, etc. | Pierre Bühler |
| 650 04 - PUNTO DE ACCESO ADICIONAL DE MATERIA-TÉRMINO DE MATERIA | |
| Término de materia o nombre geográfico como elemento inicial | Bioética-Teología |
| 9 (RLIN) | 139879 |
| 773 0# - ENLACE AL DOCUMENTO FUENTE | |
| Título | Revue D'histoire et de Philosophie Religieuses |
| Parte(s) relacionada(s) | vol. 72, 1992, págs. 241-258 |
| Número de control del registro relacionado | Rev885 |
| 942 ## - ENTRADA DE ELEMENTOS AGREGADOS (KOHA) | |
| Koha [por defecto] tipo de item | Artículos de revista |
| Suprimido | Perdido | Estropeado | No para préstamo | Localización permanente | Localización actual | Localización en estantería | Fecha adquisición | Préstamos totales | Fecha última consulta | Fecha del precio de reemplazo | Tipo de item de Koha |
|---|---|---|---|---|---|---|---|---|---|---|---|
| San Esteban | San Esteban | Depósito de revistas | 11/07/2014 | 11/07/2014 | 11/07/2014 | Artículos de revista |
